Mercedes-AMG Car Models Worldwide 2024-25 - Statistics

General Stats
  • This quiz has been taken 566 times
    126 since last reset
  • The average score is 21 of 49
Answer Stats
Hint Answer % Correct
Hot Hatch A45
78%
Fullsize SUV G63
71%
Hot Hatch A35
66%
Subcompact Sedan A35 L
66%
Subcompact Sedan A35 Sedan
66%
Executive Sedan PHEV S63 E-Performance
65%
Compact Sedan C43
63%
Subcompact 4 Door Coupe CLA45
61%
Sports Car GT63 Coupe
61%
Compact Sedan PHEV C63 S E-Performance
53%
Compact Wagon PHEV C63 S E-Performance Wagon
53%
Hypercar ONE
53%
Fullsize Crossover GLS63
51%
Compact Roadster SL63
50%
Compact Roadster PHEV SL63 E-Performance
50%
Midsize Sedan E53
49%
Midsize Wagon E53 Wagon
49%
Hot Hatch A45 S
47%
Subcompact 4 Door Coupe CLA35
46%
Subcompact Shooting Brake CLA35 Shooting Brake
46%
Midsize Crossover GLE53
46%
Midsize Crossover Coupe GLE53 Coupe
46%
Midsize Coupe CLE53
44%
Midsize Convertible CLE53 Cabriolet
44%
Subcompact Crossover GLA35
43%
Compact Crossover GLC43
42%
Compact Crossover GLC43 Coupe
42%
Subcompact Crossover GLB35
38%
Compact Crossover PHEV GLC63 S E-Performance
36%
Compact Crossover PHEV GLC63 S E-Performance Coupe
36%
Midsize Fastback Sedan GT63 S
36%
Midsize Fastback Sedan PHEV GT63 S E-Performance
36%
Compact Roadster SL43
36%
Midsize 4 Door Coupe CLS53
35%
Midsize Crossover GLE63 S
35%
Sportscar PHEV GT63 S E-Performance Coupe
35%
Midsize Fastback Sedan GT43
34%
Sports Car GT43 Coupe
32%
Midsize Fastback Sedan GT53
32%
Compact Roadster SL55
32%
Subcompact 4 Door Coupe CLA45 S
31%
Subcompact Shooting Brake CLA45 S Shooting Brake
31%
Subcompact Crossover GLA45 S
31%
Midsize Sedan EV EQE53
30%
Midsize SUV EV EQE53 SUV
30%
Executive Sedan EV EQS53
30%
Midsize Sedan EV EQE43
23%
Sports Car GT55 Coupe
20%
Midsize Fastback Sedan GT50
15%
No matching quizzes found
Score Distribution
Percent of People with Each Score
Percentile by Number Answered
Your Score History
You have not taken this quiz since the last reset